000 00898nas a2200277 4500
001 BR9202555
003 BR-BrBNA
005 20231205092519.0
007 ta
008 230509b bl.|||p| |||| 00| 00por d
040 _aBR-BrBNA
_bpor
_cBiblioteca Nacional de Agricultura
041 _a(Pt)
072 _aL72
100 1 _aFerreira, M.E.
100 1 _aPereira, I.H. de O.
100 1 _aSaukas, T.N.
245 1 _aIdentificacao do agente etiologico de sarna em uma criacao de coelhos no municipio de Carpina-Pernambuco e verificacao da eficiencia de dois tratamentos
650 _aCOELHO
650 _aPRODUCAO ANIMAL
650 _aSARNA ANIMAL
650 _aCONTROLE CULTURAL
650 _aPERNAMBUCO
773 0 _tCaderno Omega. Serie Veterinaria (Brazil)
_xISSN 0102-5880
_g(1984), v. 1(1) p. 53-57
_wBR9202555
909 _a202311
_bLúcia
_c55
_dLúcia Elande
942 _2AGRIS
_n0
_cANA
999 _c132258
_d132258